000 01009cam a2200253 i 4500
003 SA-RiAUC
005 20250915052434.0
008 250913s2001 le g 00010 ara c
040 _aSA-RiKAPL
_bara
_cSA-RiAUC
_erda
082 0 4 _a216
_qSA-RiAUC
090 _a216
_bع ق ي
100 1 _aالعقيلي، سعود بن محمد
_eمؤلف.
245 1 0 _aرسائل العدل والإنصاف في الرد على قلم الهوى والتعسف والإجحاف /
_cبقلم سعود بن محمد العقيلي.
264 1 _aبيروت :
_bدار الرشاد الإسلامية،
_c2001.
300 _a182 صفحة ؛
_c28 سم
336 _aنص
_btxt
_2rdacontent
_3كتاب
337 _aبدون وسيط
_bn
_2rdamedia
338 _aمجلد
_bnc
_2rdacarrier
650 7 _aالحديث
_xدفع مطاعن
_2aucsh
650 7 _aالإسلام
_xدفع مطاعن
_2aucsh
650 7 _aالإسلام والغرب
_2aucsh
942 _2ddc
_cBOOK
_n0
949 _aSA-JeALM
_d250913
_umohamedma123
_n1
999 _c11727
_d11727